| 000 | 00541nam a22001697a 4500 | ||
|---|---|---|---|
| 999 |
_c526595 _d526595 |
||
| 003 | NUST | ||
| 020 | _qH/B. | ||
| 038 | _awaseem | ||
| 082 |
_a335 _bMUH |
||
| 100 |
_aSiddique, Muhammad Mazhar-ul-Din _917600 |
||
| 245 |
_aIshtirakiyat Awar Nizam-i-Islam / _cMuhammad Mazhar-ul-Din Siddique |
||
| 260 |
_aIslamabad : _bInternational Islamic University, _c1987. |
||
| 300 | _a327 p. ; | ||
| 880 |
_6100-01\r _aمحمد مظہر الدین صدیقی |
||
| 880 |
_6245-02\r _aاشتراکیت اور نظامِ اسلام / |
||
| 942 |
_2ddc _cBK |
||